Culture Générale - Série 1749 - Statistiques

Statistiques générales
  • Ce quiz a été pris 176 fois
  • Le résultat moyen est 5 sur 10
Statistiques - réponses
Question Réponse % Correct
En parlant d'un fainéant, que dit-on qu'il a dans la main ? poil
98%
Quel animal fournit une viande très réputée et chère, provenant de la ville de Kobé au Japon ? boeuf
72%
A quel mets succulent vous fait penser le mot "beluga" ? caviar
62%
A quel département français appartient la région de la Bresse ? Ain
56%
Dans le film "Les enfants du marais" de Jean Becker, quel ancien footballeur international incarne Jo Sardi ? Eric Cantona
47%
Dans quel pays trouve-t-on principalement la truffe blanche ? Italie
41%
Quel fleuve côtier breton a donné son nom à une huître plate et arrondie, très appréciée ? Belon
32%
Grand oiseau coureur d'Indonésie, Nouvelle Guinée, bien connu des Saint-Cyriens. casoar
32%
Quand une oie crie, on dit qu'elle ... cacarde
14%
Lieu consacré à la prière ou petit édifice appelant à la prière, pour invoquer la protection divine oratoire
7%
Aucun quiz correspondant
Distribution des résultats
% des personnes avec chaque résultat
Percentile par nombre de réponses
Votre historique - résultats
Vous n’avez pas pris ce quiz